Ahadis Ahl-E-Islam (Record no. 4360)
[ view plain ]
| 000 -LEADER | |
|---|---|
| fixed length control field | 00639nam a2200241 a 4500 |
| 020 ## - INTERNATIONAL STANDARD BOOK NUMBER | |
| ISBN | |
| 082 00 - DEWEY DECIMAL CLASSIFICATION NUMBER | |
| Classification number | 239 |
| Author Cutter | GOL4 |
| 100 ## - MAIN ENTRY--AUTHOR NAME | |
| Author name | Goldsack, William |
| 245 ## - TITLE STATEMENT | |
| Title | Ahadis Ahl-E-Islam |
| 260 ## - PUBLICATION, DISTRIBUTION, ETC. (IMPRINT) | |
| Place of publication | Lahore |
| Name of publisher | Punjab Religious Booksociety |
| Year of publication | 1924 |
| 300 ## - PHYSICAL DESCRIPTION | |
| Number of Pages | 132p |
| 500 ## - GENERAL NOTE | |
| General note | includes index and biblioraphy |
| 505 2# - FORMATTED CONTENTS NOTE | |
| Formatted contents note | reprinted from"the bulletin of the john rylands library 1927,V.11,No.1 |
| 650 ## - SUBJECT ADDED ENTRY--TOPICAL TERM | |
| Topical Term | Apologetics |
| 942 ## - ADDED ENTRY ELEMENTS (KOHA) | |
| Koha item type | Books |
| 700 1# - | |
| -- | Goldsack, William |
| Home library | Current library | Date acquired | Cost, normal purchase price | Full call number | Accession Number | Koha item type |
|---|---|---|---|---|---|---|
| Henry Martyn Institute Library | Henry Martyn Institute Library | 04/15/2016 | 100.00 | 239 GOL4 | 5086 | Archive Book |
| Henry Martyn Institute Library | Henry Martyn Institute Library | 04/15/2016 | 100.00 | 239 GOL4 | 7394 | Archive Book |
| Henry Martyn Institute Library | Henry Martyn Institute Library | 04/15/2016 | 100.00 | 239 GOL4 | 7884 | Archive Book |
| Henry Martyn Institute Library | Henry Martyn Institute Library | 04/15/2016 | 100.00 | 239 GOL4 | 10870 | Archive Book |
